| 000 | 01120cam a2200325 a 4500 | ||
|---|---|---|---|
| 001 | 000011034 | ||
| 005 | 20200929162338.0 | ||
| 008 | 850826s1985 nyua b 000 0 eng c | ||
| 020 | _a0881671401 | ||
| 035 | _a(DLC) 85019314 | ||
| 040 |
_aDO-SdBNP _bspa _cBNPHU _dDLC |
||
| 082 |
_a572.8 _bM718b |
||
| 245 | 0 | 0 |
_aMolecular biology of aging : _bgene stability and gene expression / _ceditores R.S. Sohal, Linda S. Birnbaum y Richard G. Cutler. |
| 260 |
_aNew York : _bRaven Press, _c1985. |
||
| 300 |
_axiv, 351 p. : _bil. ; _c25 cm. |
||
| 490 | 1 |
_aAging _v29 |
|
| 504 | _aIncluye referencias bibliográficas y índice. | ||
| 650 | 4 |
_aBiología molecular _926476 |
|
| 650 | 4 |
_aEnvejecimiento celular _926477 |
|
| 650 | 4 |
_aEnvejecimiento _xAspectos genéticos _926478 |
|
| 650 | 4 |
_aExpresión del gen _926479 |
|
| 650 | 4 |
_aRegulación genética _926480 |
|
| 650 | 4 |
_aCélulas _926481 |
|
| 700 | 1 |
_aSohal, R. S., _eed. _926482 |
|
| 700 | 1 |
_aBirnbaum, Linda S., _eed. _926483 |
|
| 700 | 1 |
_aCutler, Richard G., _eed. _926484 |
|
| 830 | 0 |
_aAging ; _v29 _926485 |
|
| 910 | _aCatalogación por copia / LC | ||
| 049 | _aBNGR | ||
| 999 |
_c10770 _d10770 |
||